Statistics for US Cities Word Puzzle

Click here to take the quiz!

General Stats

  • This quiz has been taken 46 times
  • The average score is 8 of 16

Answer Stats

Clue 1Clue 2Answer% Correct
Device used to weigh a boat downYears in someone's lifeAnchorage
86%
Opposite of a winGod's assistantsLos Angeles
86%
A long wayTo travelFargo
65%
One, ___, threeFather's male childTucson
65%
Where wheat is groundChewbacca is oneMilwaukee
57%
Where ships dock____ Ho!Portland
57%
From ___ to shining ___A fight between two armiesSeattle
54%
PronounFriend, in FrenchMiami
46%
Not OldA county in EnglandNew York
46%
A medieval weapon used in joustingYou would do this at an operaLansing
43%
Honorific suffix in JapaneseDora's friendSan Diego
38%
First name of NFL QB PalmerA large townCarson City
35%
The name of a number of Kings1000 kilogramsCharleston
24%
Similar to a taxIx-NayPhoenix
24%
Baptism, Holy Orders, Confirmation etcAt the end of your footSacramento
24%
Past tense of saidA woman's first nameSpokane
11%

Score Distribution

Percentile by Number Answered

Percent of People with Each Score

Your Score History

You have not taken this quiz